Multiscale Finite Element Methods : Theory and Applications

Guardado en:
Detalles Bibliográficos
Autores principales: Efendiev, Yalchin (Autor), Hou, Y. Thomas (Autor)
Formato: Libro
Lenguaje:inglés
Publicado: Springer Science+Business Media, LLC, 2009
Edición:1. vyd
Materias:
Etiquetas: Agregar Etiqueta
Sin Etiquetas, Sea el primero en etiquetar este registro!

MARC

LEADER 00000nam a22000003a 4500
001 stu196913
005 20190206105115.1
008 091208s2009----xxu-----------------eng-d
020 |a 978-0-387-09495-3 
040 |a STU  |b slo 
041 0 |a eng 
044 |a xxu 
080 |a 31.76 
100 1 |a Efendiev, Yalchin  |4 aut 
245 1 |a Multiscale Finite Element Methods :  |b Theory and Applications 
250 |a 1. vyd 
260 |b Springer Science+Business Media, LLC,  |c 2009 
300 |a 234 s 
650 7 |a Štatistika-teórie  |2 stusub 
700 1 |a Hou, Y. Thomas  |4 aut 
996 |b 284J042052  |c J*116564  |l JJSK  |s A  |a 24  |w stu196913_0001 
996 |b 284J036159  |c J*111482  |l JJK10  |s P  |a 0  |w stu196913_0002